| 000 | 01290nam0a2200325 4500 | ||
|---|---|---|---|
| 001 | RU\NLR\bibl\1189586 | ||
| 005 | 20250615094830.0 | ||
| 010 | _a978-5-02-033998-9 | ||
| 021 |
_aRU _b2007-91954 _94969 |
||
| 035 | _a(NLR Aleph) 001176148 | ||
| 090 |
_a1628241 _c1628241 |
||
| 100 | _a20080216d2007 |||y0rusy50 ca | ||
| 101 | 0 | _arus | |
| 102 | _aRU | ||
| 105 | _aa ||||||||| | ||
| 200 | 1 |
_aРод и община у телеутов в XIX - начале XXI века _fЕ.П. Батьянова _gРос. акад. наук. Ин-т этнологии и антропологии им. Н.Н. Миклухо-Маклая |
|
| 210 |
_aМосква _cНаука _d2007 |
||
| 215 |
_a394, [1] с., [16] л. ил. _cил. _d22 |
||
| 320 | _aБиблиогр.: с. 225-249 | ||
| 320 | _aУказ. геогр. и этн. назв.: с. 366-379 | ||
| 320 | _aУказ. имен: с. 380-393 | ||
| 606 | 1 |
_aТелеуты _xИсторико-этнографические исследования _92168812 _3RU\NLR\auth\661304764 |
|
| 686 | _aТ52(251.7=Алт3А/Я) | ||
| 700 | 1 |
_aБатьянова _bЕ. П. _gЕлена Петровна _4070 |
|
| 801 | 0 |
_aRU _bNLR _c20080216 _gRCR |
|
| 801 | 1 |
_aRU _bNLR _c20080216 |
|
| 942 | _cBOOK | ||
| 980 | _aNB | ||